000
00286nam a2200121Ia 4500
005
20251222154337.0
008
251222s9999||||xx |||||||||||||| ||spa||
020
_a
84-2531040-7
082
_a
REF.030/G81/T.6
245
0
_a
Enciclopedia general básica
250
_a
2a.ed.
942
_c
LIB
999
_c
34387
_d
34387